[Event "Corus"]
[Site "Wijk aan Zee"]
[Date "2007.01.23"]
[Round "9"]
[White "Ponomariov, Ruslan"]
[Black "Karjakin, Sergey"]
[Result "1-0"]
[WhiteElo "2723"]
[BlackElo "2678"]
[Annotator "Ftacnik,L"]
[PlyCount "63"]
[EventDate "2007.01.13"]
[EventType "tourn"]
[EventRounds "13"]
[EventCountry "NED"]
[EventCategory "19"]
[SourceTitle "CBM 117"]
[Source "ChessBase"]
[SourceDate "2007.03.30"]
[SourceVersion "1"]
[SourceVersionDate "2007.03.30"]
[SourceQuality "1"]

1. e4 c5 2. Nf3 d6 3. d4 cxd4 4. Nxd4 Nf6 5. Nc3 a6 6. Be3 e5 7. Nb3 Be6 8. Qd2
Be7 9. O-O-O O-O (9... Ng4 10. g3 (10. Nd5 Nxe3 11. fxe3 O-O 12. Na5 b6 13. Nb7
Qd7 14. Nxe7+ Qxe7 15. Nxd6 Nc6 16. Qc3 Na5 17. Qxe5 Rfd8 18. Be2 Nc6 19. Nf5
Qf8 20. Qg3 {1-0 Frolov,A-Loginov,V (2455)/Uzhgorod 1988/ (38)}) 10... Nxe3 11.
Qxe3 Nd7 12. Kb1 b5 13. f4 b4 14. Nd5 Bxd5 15. Rxd5 O-O 16. Be2 Qc7 17. Rc1 Nb6
18. Ra5 $11 {0-1 Krstic,U (2366)-Palac,M (2549)/Ljubljana 2004/ (30)}) 10. f4
exf4 $6 {[%mdl 4] Karjakin was probably unprepared for the white plan of
skipping the f2-f3 set up. In order to keep the balance black may have to jump
with his knight to g4 square at some stage.} (10... Ng4 11. g3 Nd7 (11... a5
12. Na4 Nd7 13. Bb5 Qc7 14. Kb1 Ngf6 15. Qd3 Rfc8 16. Nd2 d5 17. f5 dxe4 18.
Nxe4 Bd5 19. Nac3 Bc6 20. Bxc6 Qxc6 21. Bg5 a4 22. Bxf6 Nxf6 23. Nxf6+ Bxf6 24.
a3 h6 25. Qe4 {1/2 Firman,N (2495)-Szelag,M (2472)/Krakow 2006/ (51)}) 12. Bg1
b5 13. h3 Ngf6 14. Bg2 Rc8 15. Kb1 Qc7 16. f5 Bc4 17. Be3 a5 18. Nd5 Nxd5 19.
exd5 b4 20. g4 a4 21. Nc1 e4 22. Qxb4 Bxd5 23. Bxe4 $4 (23. Qxa4 Bc6 24. Qd4
$13) 23... Rb8 24. Qxa4 Qb7 25. Qb3 Bxe4 $19 {0-1 Mongontuul,B (2408)-Motoc,A 
(2313)/Instanbul 2005/ (49)}) 11. Bxf4 Ne8 (11... Nc6 $5 12. Be2 (12. Bxd6 Bg4
13. Bxe7 Qxe7 14. Re1 Rad8 $44) 12... Re8 13. Kb1 (13. Bxd6 Bxb3 14. cxb3 Bxd6
15. Qxd6 Qa5 $11) 13... Rc8 $13) 12. Be2 Nc6 13. g4 $1 {Ponomariov is
exercising a very good plan of an immediate kingpawns advance. White fully
benefits from the passive location of the knight on e8.} (13. Nd5 Bf6 14. Kb1
Be5 15. Rhf1 $14) 13... Bf6 (13... a5 $5 14. Nd5 a4 15. Nd4 Nxd4 16. Qxd4 Bg5
17. h4 $14) 14. g5 Be5 15. h4 Rc8 (15... a5 16. Bxe5 Nxe5 (16... dxe5 17. Qxd8
Nxd8 18. Nc5 $16) 17. Nd4 $16) (15... Bxb3 $5 16. axb3 Qa5 17. Kb1 Nc7 18. Bxe5
dxe5 19. Bc4 $14) 16. Kb1 Qb6 (16... Bxb3 17. axb3 Nc7 18. Qe3 Ne6 19. Bxe5
Nxe5 20. Rhf1 $16) 17. Nd5 $1 {White's control of the center is excellent, the
poor knight on e8 is still not participating in the battle.} Bxd5 (17... Qd8
18. Be3 b5 19. h5 $16) 18. exd5 Bxf4 (18... Ne7 $2 19. Bxe5 dxe5 20. d6 $18)
19. Qxf4 Ne5 20. h5 Qd8 (20... f5 21. Nd4 Qc5 (21... Nc4 22. b3 Na3+ 23. Kb2
Qb4 24. Qd2 $18) 22. c3 Nc7 23. Nxf5 Rce8 24. g6 $18) 21. Nd4 Qd7 (21... Nc7
22. Nf5 a5 23. Rhf1 Na6 24. c3 Nc5 25. h6 $16) 22. Nf5 b5 {The first signs of
a potential counterplay, but white is much closer to the success.} 23. Rdf1 Nc7
(23... Rc5 24. Qe4 Nc7 25. Bd3 $1 g6 (25... Nxd3 26. Ne7+ Kh8 27. cxd3 Ne6 28.
Rxf7 Rxf7 29. Ng6+ hxg6 30. dxe6 $18) 26. hxg6 fxg6 27. Nh6+ Kg7 28. Rxf8 Kxf8
29. Qf4+ Ke8 30. Qf6 $18) 24. Qd4 a5 25. Bg4 Qd8 (25... Kh8 26. h6 g6 27. Ne3
$18) 26. Re1 Ra8 (26... Re8 27. Nxd6 $1 Qxd6 28. Bxc8 $18) 27. h6 g6 (27... Re8
28. Nxg7 Rf8 29. Bf5 $18) 28. Rxe5 $1 {Ponomariov doesn't hesitate with the
impressive final fireworks.} dxe5 (28... gxf5 29. Re7 $18) 29. Qxe5 f6 30. Ne7+
Kf7 (30... Kh8 31. gxf6 Rf7 32. Be6 $18) 31. Qxf6+ Ke8 32. Qc6+ (32. Qc6+ Kxe7
33. Re1+ Kf7 34. Be6+ Ke7 35. Bg8+ Ne6 36. Rxe6#) 1-0

[Event "Moscow Tal Memorial 3rd"]
[Site "Moscow"]
[Date "2008.08.20"]
[Round "3"]
[White "Leko, Peter"]
[Black "Shirov, Alexei"]
[Result "1-0"]
[WhiteElo "2741"]
[BlackElo "2741"]
[Annotator "Ftacnik,L"]
[PlyCount "89"]
[EventDate "2008.08.18"]
[EventType "tourn"]
[EventRounds "9"]
[EventCountry "RUS"]
[EventCategory "20"]
[SourceTitle "CBM 126"]
[Source "ChessBase"]
[SourceDate "2008.10.01"]
[SourceVersion "1"]
[SourceVersionDate "2008.10.01"]
[SourceQuality "1"]

1. e4 c5 2. Nf3 d6 3. d4 cxd4 4. Nxd4 Nf6 5. Nc3 a6 6. Be3 e5 7. Nb3 Be7 8. Be2
O-O 9. O-O Be6 10. Qd2 Nbd7 11. a4 {It is possible to fight against the black
setup 6...e5 with purely positional weapons.} Nb6 12. a5 Nc4 13. Bxc4 Bxc4 14.
Rfd1 Rc8 15. f3 {Leko has learned the lesson from their game played in 2002,
when Shirov equalized after the surprising sacrifice of the central pawn with
a d6-d5 advance.} (15. Nc1 d5 $1 16. Bb6 $1 (16. exd5 Bb4 17. Bb6 Bxc3 18. Qxc3
Qd6 $11) 16... Qe8 (16... Qd7 17. b3 d4 (17... Bb4 18. bxc4 d4 19. N1a2 $16
Bxc3 20. Nxc3 Rxc4 21. Na2 Rfc8 22. c3 $16) 18. bxc4 Rxc4 19. Nd5 Nxd5 20. exd5
Rfc8 21. Qe1 Qxd5 22. c3 $16) 17. exd5 (17. Nxd5 Nxe4 18. Qe1 Nf6 19. Nxe7+
Qxe7 20. b3 Be6 21. c4 Nd7 22. Be3 f5 23. Nd3 f4 24. Bd2 Rf5 25. f3 {1/2
Petrik,T (2515)-Babula,V (2583)/Turin 2006 (55)}) 17... Bb4 18. d6 $1 (18. Nd3
Bxc3 19. Qxc3 Nxd5 20. Qxe5 Nxb6 21. axb6 Bxd3 22. Qxe8 Rfxe8 23. Rxd3 Rxc2 24.
Rd7 Rb8 $11) 18... Qd7 19. Nd3 (19. Qe3 Bxd6 20. Nb3 Qc6 $11) 19... Qxd6 20.
Nxb4 Qxb4 21. Ne4 $1 {1/2 Leko,P (2722)-Shirov,A (2697)/Dortmund 2002/ (29)})
15... Rc6 16. Bb6 Rxb6 $6 {Objectively the exchange sacrifice for two pawns is
playable, but from a higher point of view not very promising. Black will have
to face the difficult fight for a draw.} (16... Qc8 17. Nc1 h6 18. Nd3 Be6 $13)
17. axb6 Bxb3 (17... Qxb6+ 18. Qf2 Qc7 19. Na5 $14) 18. cxb3 Qxb6+ 19. Kh1 Qxb3
20. Rac1 Rd8 (20... Qb6 21. Nd5 Nxd5 22. Qxd5 a5 (22... Qxb2 $6 23. Rb1 Qc2 24.
Rxb7 $16) 23. Rc2 Ra8 24. Rdc1 g6 25. Rc7 $14) 21. Nd5 Nxd5 22. Qxd5 Qxd5 (
22... Qxb2 23. Rb1 Qe2 24. Rxb7 Kf8 25. h3 $16) 23. Rxd5 {[%mdl 4096] The
dark-squared bishop on e7 continues to be a problem even in the endgame, since
the pawn strcuture has very poor dynamics.} Rd7 24. g3 Kf8 (24... g6 25. Kg2 f5
26. exf5 gxf5 27. f4 $1 exf4 28. gxf4 Kg7 29. Rxf5 Bf6 30. Rc2 $16) 25. f4 f6 (
25... exf4 26. gxf4 Ke8 27. b3 Rd8 28. Kg2 Kd7 29. Kf3 $14) 26. Kg2 Bd8 27. Kf3
Ke7 28. b4 (28. Rc8 Bb6 29. b4 Bd4 30. f5 $14) 28... Rc7 $2 {Leko would be
facing a much harder task of trying to win if the rook could defend the 7th
rank.} (28... Bb6 29. Rc8 Bd4 $14) 29. Rxc7+ Bxc7 30. Rd1 Bb6 (30... exf4 $5
31. gxf4 g6 32. f5 Bb6 33. h4 $14) 31. Ke2 Bd4 32. Kd3 Kd7 33. f5 $1 {White is
excellently fixing the structure on the dark squares; the pawn on g7 is a
future object of attack.} Bb6 (33... Kc6 34. Rc1+ Kd7 35. g4 $16) 34. Rc1 Bd4
35. Rc2 Bb6 36. g4 h6 37. h4 Bd8 {The necessity to play passively with a bad
bishop is a bad sign.} (37... Bd4 38. g5 $1 hxg5 39. hxg5 Bb6 (39... fxg5 40.
Rg2 Ke7 41. Rxg5 Kf7 42. Rg6 $18) 40. g6 $18) 38. Kc4 Kc6 39. Kb3+ Kd7 (39...
Kb5 40. Rc8 $18) 40. Kc4 Kc6 41. b5+ $1 {At the end of the day Leko realized
that he would not be able to break into the opponent's position without
further investment of material.} axb5+ (41... Kb6 42. bxa6 bxa6 43. Kd5 $18) (
41... Kd7 42. bxa6 bxa6 43. Kd5 $18) 42. Kb4+ Kd7 (42... Kb6 43. Rc8 Bc7 44.
Re8 $1 (44. Rg8 d5 45. exd5 e4 46. Re8 Be5 47. Rc8 e3 48. Rc2 $14) 44... Kc6
45. Re7 Bb8 46. Rxg7 d5 47. exd5+ Kxd5 48. Rxb7 $18) 43. Kxb5 Be7 44. Rd2 Kc7
45. Rd1 {Shirov can only blame himself for the inability to use his great
tactical gift in this game. The exchange sacrifice on move 16 was simply not
forced.} (45. Rd1 Bd8 46. Ra1 Kb8 47. Kc4 Bb6 48. Kd5 Bf2 49. Kxd6 Bxh4 50. Rc1
Bg5 51. Rc7 $18) 1-0

[Event "Hoogovens-B"]
[Site "Wijk aan Zee"]
[Date "1999.01.26"]
[Round "7"]
[White "Bosch, Jeroen"]
[Black "Leitao, Rafael Duailibe"]
[Result "0-1"]
[WhiteElo "2470"]
[BlackElo "2545"]
[Annotator "Ftacnik,L"]
[PlyCount "84"]
[EventDate "1999.01.19"]
[EventType "tourn"]
[EventRounds "11"]
[EventCountry "NED"]
[EventCategory "11"]
[SourceTitle "CBM 069"]
[Source "ChessBase"]
[SourceDate "1999.04.01"]
[SourceVersion "1"]
[SourceVersionDate "1999.04.01"]
[SourceQuality "1"]

1. e4 c5 2. Nf3 d6 3. d4 cxd4 4. Nxd4 Nf6 5. Nc3 a6 6. Be2 e5 7. Nb3 Be7 8. O-O
O-O 9. f4 b5 10. a4 b4 11. Nd5 Nxd5 12. Qxd5 Qb6+ 13. Kh1 Bb7 14. Qd3 (14. a5
Qc7 15. Qd3 Nd7 16. Bd2 Nc5 17. Nxc5 dxc5 18. Qg3 (18. Qf3 Rad8 19. Be3 f5 20.
Qg3 Bxe4 21. Bxa6 Rd6 22. Bd3 Ba8 23. Qf2 Rg6 24. Rg1 Bd6 {0-1 Larsen,
B-Romanishin,O/Riga 1979/ (40)}) 18... Rad8 19. Be3 Bxe4 20. fxe5 Bxc2 21. Bc4
Qc6 22. Bxf7+ Rxf7 23. Rxf7 Kxf7 24. Qf2+ Kg8 25. Qxc2 {1-0 Geisendorf,
L-Melzer,G/DDR-ch M744 corr 1985/ (44)}) 14... Nd7 15. Bf3 (15. Be3 Qc7 16.
Rac1 $11) 15... Rac8 16. Bg4 $6 (16. Be3) 16... Rcd8 (16... Rfd8 $5) 17. Bxd7
Rxd7 18. fxe5 d5 {[%mdl 2048] The win of a pawn for white was rather dubious.
White had given up strong bishop and black will in effect get lots of control
of the position.} (18... Qc6 19. Na5 Qxe4 20. Nxb7 Qxb7 $15) 19. Bf4 Rfd8 20.
exd5 Bxd5 21. Qg3 Qc6 22. Qf2 (22. Rfc1 Be4 $15) 22... Qg6 23. Rac1 Rc8 24. Qg3
(24. Nd4 Qxg2+ 25. Qxg2 Bxg2+ 26. Kxg2 Rxd4 $15) 24... Be4 25. Qxg6 hxg6 26.
Be3 (26. c4 bxc3 27. bxc3 Ba3 28. Ra1 Bb2 $15) 26... Rxc2 27. Rxc2 Bxc2 {
The punishment is severe; white had to part with a spare pawn, but his pieces
coordination is poor and pawns remain weak.} 28. Nd4 (28. Nc5 Rd5 29. Nxa6 Rxe5
30. Re1 b3 $1 31. a5 Ba3 32. Nb8 (32. bxa3 b2 $19) 32... Bxb2 $19) 28... Bxa4
29. Ra1 (29. e6 fxe6 30. Nxe6 Bf6 31. Nc5 Re7 $19) 29... Bb5 30. Nxb5 (30. b3
Rd5 $19) 30... axb5 31. Kg1 Rd5 32. Ra8+ Kh7 33. Bf4 (33. Ra7 Rxe5 $19) 33...
g5 34. Bg3 Bc5+ 35. Kf1 Bd4 {In effect this is the end of the story, white
loses more material.} 36. e6 (36. b3 Bxe5 37. Bxe5 Rxe5 $19) (36. Re8 Bxb2 $19)
36... fxe6 37. b3 Bf6 38. Ke2 (38. Re8 Rd3 39. Rxe6 Rxb3 $19) 38... Rc5 39. Be1
Rc2+ 40. Kf1 (40. Kf3 Rb2 $19) 40... Rb2 41. Rb8 (41. Bxb4 Rxb3 $19) 41... Rxb3
42. Rxb5 Rb1 {Nice final touch, white fails to eliminate the black b pawn.} (
42... Rb1 43. Ke2 (43. Rxb4 Rxe1+ 44. Kxe1 Bc3+ $19) 43... b3 $19) 0-1

[Event "Olympiad-36"]
[Site "Mallorca"]
[Date "2004.10.22"]
[Round "7"]
[White "Lioe, Dede"]
[Black "Hracek, Zbynek"]
[Result "0-1"]
[WhiteElo "2397"]
[BlackElo "2595"]
[Annotator "Ftacnik,L"]
[PlyCount "108"]
[EventDate "2004.10.15"]
[EventType "team-swiss"]
[EventRounds "14"]
[EventCountry "ESP"]
[SourceTitle "CBM 104"]
[Source "ChessBase"]
[SourceDate "2005.01.27"]
[SourceVersion "1"]
[SourceVersionDate "2005.01.27"]
[SourceQuality "1"]
[WhiteTeam "Indonesia"]
[BlackTeam "Czech Republic"]
[WhiteTeamCountry "INA"]
[BlackTeamCountry "CZE"]

1. e4 c5 2. Nf3 d6 3. d4 cxd4 4. Nxd4 Nf6 5. Nc3 a6 6. Be2 e5 7. Nb3 Be7 8. O-O
Be6 9. f4 Qc7 10. Kh1 Nbd7 11. f5 Bc4 12. a4 O-O 13. a5 Rfc8 14. Be3 b5 15.
axb6 Nxb6 16. Bxb6 Qxb6 17. Ra4 Bb5 18. Ra5 Qc6 19. Bd3 Bd8 20. Ra2 {White is
well advised to get some play in this type of position, since Black has a good
plan of improving his pieces.} (20. Ra3 Rab8 21. Qf3 Bxd3 22. Qxd3 a5 23. Rb1
h6 24. h3 Rb4 25. Nxa5 Bxa5 26. Rxa5 Rd4 27. Ra6 Qb7 28. Qb5 {1-0 Kononenko,
D-Rudenko,E/Simferopol 2003/ (54)}) 20... Bxd3 21. Qxd3 (21. cxd3 Rab8 22. Nd2
a5 23. Qf3 $13) 21... a5 22. Rfa1 Rab8 23. h3 (23. Nxa5 Bxa5 24. Rxa5 Rxb2 25.
Ra6 Rb6 26. h3 h6 $15) 23... h5 24. Ra4 h4 25. R1a2 Rb4 26. Kh2 (26. Nd2 Bb6
27. Qa6 Bd4 28. Qxa5 Rxb2 29. Rc4 Rxa2 30. Rxc6 Rxa5 31. Rxc8+ Kh7 $15) 26...
Bb6 (26... Nxe4 27. Rxb4 Nf2 28. Nxa5 Bxa5 29. Qb5 Bxb4 30. Qxb4 e4 $13) 27.
Ra1 Qc7 28. Kh1 (28. Nb5 $2 Qxc2 29. Qxc2 Rxc2 30. Rxb4 axb4 31. Ra8+ Kh7 32.
Nxd6 Rxb2 33. Nxf7 g6 $19) 28... Qc4 $1 {[%mdl 32] The key move to break
White's defense, he has too many weaknesses to hold the current set up.} 29.
Nd2 (29. Rxb4 Qxd3 30. cxd3 axb4 31. Nd1 d5 $17) 29... Qxd3 30. cxd3 Rxb2 31.
Nc4 Rb3 32. R1a3 (32. Nd5 Nxd5 33. exd5 Bc7 34. Nxa5 Bxa5 35. Rxa5 Rxd3 $17) (
32. Nxb6 Rcxc3 33. Nd5 Nxd5 34. exd5 Rc5 $19) 32... Rxa3 33. Rxa3 Bd4 34. Kh2 (
34. Nb5 Nxe4 35. Nxd4 Ng3+ 36. Kg1 exd4 37. Rxa5 f6 38. Rd5 Rc5 39. Rxd6 Rxf5
$19) 34... Bxc3 35. Rxc3 a4 (35... Rc5 36. Rc1 d5 37. exd5 Nxd5 38. Ra1 Ne7 $19
) 36. Ra3 Nxe4 $1 {Black has extra material and also some vague chances to set
up the mating attack against the White king.} 37. Rxa4 Nc5 38. Nxd6 (38. Ra5
Nxd3 39. Nxd6 Rd8 $17) 38... Rd8 39. Rc4 Nxd3 40. Nb5 (40. Ne4 f6 41. g3 Rd4
42. Rxd4 exd4 43. gxh4 Kh7 44. Kg3 Kh6 $17) 40... Nf4 41. Rc2 Kh7 42. Rf2 Kh6
$1 {The target is f5 pawn and his demise will end the struggle.} 43. Rc2 Kg5
44. Rc7 Kf6 45. Nc3 Rd4 (45... Rf8 46. g4 hxg3+ 47. Kxg3 Kxf5 48. Nb5 f6 $19)
46. g4 hxg3+ 47. Kxg3 Nd5 48. Rc6+ Kxf5 49. Nb5 Rd3+ 50. Kh2 f6 51. Nd6+ Kg6
52. Nc4 Kg5 53. Rc8 Rc3 54. Rc6 Nf4 0-1

[Event "Moscow Aeroflot op-A"]
[Site "Moscow"]
[Date "2005.02.23"]
[Round "9"]
[White "Asrian, Karen"]
[Black "Smirnov, Pavel"]
[Result "1-0"]
[WhiteElo "2602"]
[BlackElo "2645"]
[Annotator "Ftacnik,L"]
[PlyCount "81"]
[EventDate "2005.02.15"]
[EventType "swiss"]
[EventRounds "9"]
[EventCountry "RUS"]
[SourceTitle "CBM 106"]
[Source "ChessBase"]
[SourceDate "2005.06.06"]
[SourceVersion "1"]
[SourceVersionDate "2005.06.06"]
[SourceQuality "1"]

1. e4 c5 2. Nf3 d6 3. d4 cxd4 4. Nxd4 Nf6 5. Nc3 a6 6. Be2 e5 7. Nb3 Be7 8. O-O
O-O 9. Be3 Be6 10. Qd2 Nbd7 11. a4 Rc8 12. a5 Re8 13. Rfd1 Qc7 14. Qe1 h6 15.
Nc1 d5 $5 {Black has all the forces prepared for this advance, so it is
logical to make it in suitable moment.} 16. Nxd5 (16. exd5 Bf5 17. Nd3 e4 18.
Nf4 Bd6 $11) 16... Bxd5 (16... Nxd5 17. exd5 Bf5 18. c3 Bd6 19. h3 $14) 17.
exd5 Qxc2 18. Bd3 (18. d6 $1 Bf8 19. Ra3 $14) 18... Qxb2 19. Rb1 (19. Ra2 Qb4
$15) 19... Qa3 20. Bf5 (20. Rxb7 Nc5 21. Bxc5 Rxc5 22. Nb3 Rxd5 23. Bxa6 Rxd1
24. Qxd1 $14) 20... Rcd8 $2 {Tactically very unfortunate solution as white d
pawn will become a superpower.} (20... Qd6 21. Rxb7 Rb8 $11) (20... Bd6 21.
Rxb7 Rc7 22. Rb1 Qa4 $11) 21. d6 $1 Bf8 (21... Bxd6 22. Rb3 Qa4 23. Rxd6 $18)
22. Rb3 $6 {It was much better just to grab a pawn with fair chances for the
opening advantage.} (22. Rxb7 $1 g6 23. Bh3 Nc5 24. Rb6 Nfd7 25. Rc6 $16) 22...
Qa4 23. Rxb7 g6 24. Bh3 (24. Bd3 Qc6 25. Ra7 Nb8 $11) 24... Ne4 (24... Bg7 25.
Nd3 Rb8 26. Ra7 $16) 25. Rb4 (25. Bxd7 Rxd7 26. Rxd7 Qxd7 27. Bxh6 Bxh6 28.
Qxe4 Bxc1 29. Rxc1 Qxd6 $11) 25... Qc6 26. Bb6 Nxb6 $2 {Both very strong
players are making sloppy tactical decisions , Smirnov ommits a good
continuation with 26...Nc3!?} (26... Nc3 $5 27. Bxd8 (27. Rd3 Nd5 28. Bxd8 Nxb4
29. Rc3 (29. Bxd7 Qxd7 30. Qxb4 Rxd8 $17) 29... Qxd6 30. Bc7 Qd5 $17) 27...
Nxd1 28. Be7 Bxe7 29. dxe7 Nc3 $11) 27. Rxb6 Qc2 28. d7 Re7 29. Ne2 $2 {
Small comedy of errors continues, Asrian might have hoped for an advantage
with 29.Nd3!} (29. Nd3 $1 Nc3 (29... Ng5 30. Bg4 Qc4 31. Qb4 $16) 30. Rd2 Qa4
31. Nb2 $1 Qxa5 32. Rdd6 Rexd7 33. Rxd7 Rxd7 34. Bxd7 Qxb6 35. Qxc3 $16) 29...
Ng5 30. Rbd6 e4 (30... Nxh3+ 31. gxh3 Qf5 32. Ng3 Qxh3 33. Qf1 $11) 31. Bg4 e3
32. f3 (32. f4 Ne6 33. Rc1 Qe4 34. Rxa6 Rdxd7 $11) 32... h5 (32... Ne6 $1 33.
Rc1 Qb2 34. Bxe6 Rxe6 35. Rxe6 fxe6 $11) 33. Rc1 Qb2 (33... Qa2 34. Rc8 Rexd7
35. Bxd7 Rxc8 36. Rxg6+ fxg6 37. Bxc8 Bb4 $15) 34. Rc8 hxg4 $2 (34... Rexd7 $1
35. Bxd7 Rxc8 36. Rxg6+ fxg6 37. Bxc8 Qb4 $11) 35. Rxd8 gxf3 $2 (35... Rxd7 36.
R6xd7 gxf3 37. Kf1 Qf6 38. Qg3 (38. h3 fxg2+ 39. Kxg2 Qf3+ 40. Kg1 Qxh3 41. Nd4
Ne4 $11) 38... fxe2+ 39. Kxe2 Ne6 40. Ra8 Qf5 $16) 36. Rxf8+ Kxf8 (36... Kg7
37. Rg8+ Kxg8 38. d8=Q+ Kg7 39. Qc3+ $18) 37. d8=Q+ Re8 38. Qc3 $2 (38. Qh4 $1
Rxd8 39. Rxd8+ Ke7 40. Qxg5+ f6 41. Qxe3+ Kxd8 42. Qxf3 $18) 38... fxe2 $4 {
[%mdl 64] Time trouble has heavily influenced the last phase of the game, the
mistakes are winning in magnitude.} (38... Qb1+ 39. Rd1 $18) (38... Qxc3 39.
Nxc3 e2 40. Qxe8+ (40. Rd1 Rxd8 41. Rxd8+ Ke7 42. Kf2 fxg2 43. Nxe2 Kxd8 $17)
40... Kxe8 41. Rd1 exd1=Q+ 42. Nxd1 fxg2 $17) 39. Qxe8+ Kxe8 40. Qc8+ Ke7 41.
Qd8# 1-0

[Event "Linares Anibal op 08th"]
[Site "Linares"]
[Date "2001.01.18"]
[Round "11"]
[White "Odeev, Handszar"]
[Black "Bruzon Batista, Lazaro"]
[Result "1-0"]
[WhiteElo "2472"]
[BlackElo "2584"]
[Annotator "Ftacnik,L"]
[PlyCount "79"]
[EventDate "2001.01.08"]
[EventType "swiss"]
[EventRounds "11"]
[EventCountry "ESP"]
[SourceTitle "CBM 081"]
[Source "ChessBase"]
[SourceDate "2001.03.20"]
[SourceVersion "1"]
[SourceVersionDate "2001.03.20"]
[SourceQuality "1"]

1. e4 c5 2. Nf3 d6 3. d4 cxd4 4. Nxd4 Nf6 5. Nc3 a6 6. Be2 e5 7. Nb3 Be7 8. Be3
Be6 9. Nd5 Nbd7 10. Qd3 Bxd5 11. exd5 O-O 12. O-O Nc5 13. Nxc5 dxc5 14. Rfd1
Qd6 15. c4 Rad8 16. a3 Qc7 (16... e4 17. Qd2 $14) 17. Rab1 a5 18. Bd2 e4 (18...
b5 19. Bf3 b4 20. axb4 axb4 21. Qf5 $14) 19. Qh3 Ne8 20. b4 axb4 21. axb4 f5
22. Qb3 (22. b5 $5 Nd6 23. Bf4 $14) 22... Rf7 23. g3 Rc8 24. Bf1 g6 25. Ra1
cxb4 26. c5 $5 {[%mdl 32] The consequent opening of the a2-g8 diagonal comes
at a cost of three pawns!} (26. Bxb4 Bxb4 27. Qxb4 Nd6 28. Ra4 Qc5 $11) 26...
Bxc5 (26... Qxc5 $2 27. Rac1 $18) 27. d6 Nxd6 (27... Qxd6 28. Be3 (28. Bc4
Bxf2+ 29. Kxf2 Qc5+ 30. Ke1 Qxc4 31. Qxc4 Rxc4 32. Ra8 Re7 33. Bg5 Re6 $19)
28... Qe7 29. Bc4 b6 $13) (27... Bxd6 28. Rac1 Bc5 29. Bc4 $13) 28. Bf4 g5 (
28... Kg7 29. Rac1 Rd7 30. Be5+ $1 Kh6 (30... Kf8 31. Qe6 Re8 32. Qf6+ Rf7 33.
Bxd6+ $18) 31. Rxc5 Qxc5 32. Qe6 Rcd8 33. Qf6 Qxe5 34. Qxe5 Nf7 35. Rxd7 Nxe5
36. Rxd8 $18) (28... Rd8 29. Bc4 Qe7 30. Bxf7+ Nxf7 $13) 29. Bxg5 b5 30. Bf4
Qc6 (30... Qb6 31. Kg2 (31. Bxd6 $2 Bxd6 32. Qe6 Rc2 $19) 31... Nc4 (31... Qc6
32. Rac1 Nc4 33. Bxc4 bxc4 34. Qxc4 $14) 32. Bxc4 bxc4 33. Qxc4 e3 34. f3 $11)
31. Qe6 {Suddenly black has to realize, that he faces serious problems.} Re8 (
31... Nb7 32. Qxc6 Rxc6 33. Bxb5 Rc8 34. Bd7 Rd8 35. Be6 $14) 32. Qd5 (32. Qh6
Rd7 33. Rac1 e3 34. Bxe3 Bxe3 35. fxe3 Qe4 36. Rd4 Qxe3+ 37. Qxe3 Rxe3 38. Bxb5
$11) 32... Qxd5 33. Rxd5 Nb7 (33... Rc8 34. Bxd6 Bxd6 35. Rxd6 $18) 34. Bxb5
Ree7 (34... Re6 35. Bd7 Ref6 36. Ra8+ Bf8 (36... Rf8 37. Rxf8+ Bxf8 38. Bxf5
$14) 37. Be8 $14) 35. Bh6 $1 {White is only pawn down and his pieces are just
excellent, black is doomed.} Re6 (35... Rf6 36. Bg5 $16) 36. Bc4 Bxf2+ (36...
Rxh6 37. Rxf5 Nd6 38. Bxf7+ Nxf7 39. Rxc5 $18) 37. Kxf2 Rxh6 38. Rxf5 Nd6 39.
Bxf7+ Kg7 (39... Nxf7 40. Ra8+ Kg7 41. Ra7 Rf6 42. Rxf6 Kxf6 43. Rb7 $18) 40.
Rf4 1-0